Star Trek: TNG Cast Quiz Stats

 Plays Quiz Updated Nov 12, 2012

Also try: Star Trek Casts
Challenge
Share
Tweet
Embed
Score 0/13 Timer 01:30
6 Plays Today
% Correct
Patrick Stewart
94.2%
Wil Wheaton
90.1%
LeVar Burton
88.4%
Brent Spiner
86.8%
Michael Dorn
86.5%
Jonathan Frakes
86.3%
Whoopi Goldberg
83.9%
Colm Meaney
79.8%
Marina Sirtis
77.8%
Gates McFadden
72.8%
Denise Crosby
67.8%
Diana Muldaur
67%
Michelle Forbes
62.4%

You're not logged in!

Compare scores with friends on all Sporcle quizzes.
OR
Log In

You Might Also Like...

Show Comments

Extras

Top Quizzes Today


Score Distribution

Your Account Isn't Verified!

In order to create a playlist on Sporcle, you need to verify the email address you used during registration. Go to your Sporcle Settings to finish the process.

Report this User

Report this user for behavior that violates our Community Guidelines.

Details: